[Event "BL2-Nord 2122"]
[Site "Germany"]
[Date "2022.05.15"]
[Round "6.5"]
[White "Michna, Marta"]
[Black "Melamed, Tatiana"]
[Result "0-1"]
[WhiteElo "2317"]
[BlackElo "2353"]
[PlyCount "74"]
[EventDate "2022.03.05"]
[EventType "team-tourn"]
[EventRounds "10"]
[EventCountry "GER"]
[SourceTitle "EXT 2023"]
[Source "ChessBase"]
[SourceDate "2022.10.05"]
[SourceVersion "1"]
[SourceVersionDate "2022.10.05"]
[SourceQuality "1"]
[WhiteTeam "Norderstedt"]
[BlackTeam "Magdeburg"]
[WhiteTeamCountry "GER"]
[BlackTeamCountry "GER"]

1. d4 Nf6 2. Nf3 e6 3. Bf4 d5 4. e3 Bd6 5. Bg3 0-0 6. Nbd2 c5 7. c3 Qc7 8. Ne5 Nbd7 9. f4 b6 10. Bd3 Bb7 11. Qf3 a5 12. a4 Ba6 13. Bc2 b5 14. axb5 Bxb5 15. Bh4 a4 16. g4 cxd4 17. exd4 a3 18. g5 Bxe5 19. fxe5 Ne4 20. Nxe4 dxe4 21. Bxe4 axb2 22. Rb1 Ra3 23. Rxb2 Rxc3 24. Qf4 Qc4 25. Qd2 Rc1+ 26. Kf2 Rxh1 27. Bxh1 Qf1+ 28. Kg3 Qxh1 29. Rxb5 Qg1+ 30. Qg2 Qxd4 31. Qe2 Rc8 32. g6 Rc3+ 33. Kg2 Qxh4 34. gxf7+ Kxf7 35. Rb7 Qg5+ 36. Kf2 Qh4+ 37. Kg2 Qh3+ 0-1

[Event "BL2-Nord 2122"]
[Site "Germany"]
[Date "2022.05.14"]
[Round "5.6"]
[White "Michna, Marta"]
[Black "Figura, Atila Gajo"]
[Result "1-0"]
[WhiteElo "2317"]
[BlackElo "2376"]
[PlyCount "81"]
[EventDate "2022.03.05"]
[EventType "team-tourn"]
[EventRounds "10"]
[EventCountry "GER"]
[SourceTitle "EXT 2023"]
[Source "ChessBase"]
[SourceDate "2022.10.05"]
[SourceVersion "1"]
[SourceVersionDate "2022.10.05"]
[SourceQuality "1"]
[WhiteTeam "Norderstedt"]
[BlackTeam "Zehlendorf"]
[WhiteTeamCountry "GER"]
[BlackTeamCountry "GER"]

1. d4 Nf6 2. Nf3 g6 3. c3 Bg7 4. h3 0-0 5. Bf4 d6 6. Nbd2 Nbd7 7. e3 b6 8. Be2 Bb7 9. 0-0 Qe8 10. Bh2 e5 11. a4 a6 12. b4 Qe7 13. Qb3 Kh8 14. Rac1 Nh5 15. a5 f5 16. axb6 cxb6 17. dxe5 dxe5 18. Rfd1 f4 19. e4 Nhf6 20. Ng5 Bh6 21. Qe6 Rae8 22. Qxe7 Rxe7 23. h4 Ra8 24. f3 Bxg5 25. hxg5 Ne8 26. Nc4 Bc6 27. Kf1 a5 28. Bg1 Ba4 29. Rxd7 Bxd7 30. Nxb6 Rb8 31. Bc5 Rg7 32. bxa5 Bc6 33. Rd1 Rc7 34. Bb4 Kg7 35. Kf2 Ra7 36. c4 Nc7 37. Bc3 Re8 38. Nd7 Bxd7 39. Rxd7+ Kg8 40. c5 Rc8 41. Bxe5 1-0

[Event "BL2-Nord 2122"]
[Site "Germany"]
[Date "2022.04.30"]
[Round "3.6"]
[White "Michna, Marta"]
[Black "Polzin, Rainer"]
[Result "0-1"]
[WhiteElo "2314"]
[BlackElo "2393"]
[PlyCount "62"]
[EventDate "2022.03.05"]
[EventType "team-tourn"]
[EventRounds "10"]
[EventCountry "GER"]
[SourceTitle "EXT 2023"]
[Source "ChessBase"]
[SourceDate "2022.10.05"]
[SourceVersion "1"]
[SourceVersionDate "2022.10.05"]
[SourceQuality "1"]
[WhiteTeam "Norderstedt"]
[BlackTeam "Berlin SF II"]
[WhiteTeamCountry "GER"]
[BlackTeamCountry "GER"]

1. d4 Nf6 2. Nf3 d6 3. h3 g6 4. c3 Bg7 5. Bf4 0-0 6. Nbd2 Nbd7 7. e3 b6 8. Be2 Bb7 9. 0-0 c5 10. a4 a6 11. Bh2 Ra7 12. b4 Qa8 13. Qb3 Ne4 14. Nc4 Bd5 15. Qb2 Rc7 16. Rfc1 cxd4 17. cxd4 Rfc8 18. Nfd2 Nxd2 19. Nxd2 Bxg2 20. Bxa6 Bxh3 21. Bf1 Bxf1 22. Nxf1 Rxc1 23. Rxc1 Rxc1 24. Qxc1 Qxa4 25. Qc7 Bf8 26. Qd8 Qb5 27. Qc8 Qg5+ 28. Bg3 Nf6 29. Qc6 h5 30. Nh2 h4 31. Nf3 Qd5 0-1

[Event "Wch Blitz (Women)"]
[Site "Warsaw"]
[Date "2021.12.30"]
[Round "12"]
[White "Vantika, Agrawal"]
[Black "Michna, Marta"]
[Result "1-0"]
[WhiteElo "2381"]
[BlackElo "2314"]
[PlyCount "112"]
[EventDate "2021.12.29"]
[EventType "swiss (blitz)"]
[EventRounds "17"]
[EventCountry "POL"]
[SourceTitle "CBM 205 Extra"]
[Source "ChessBase"]
[SourceDate "2022.01.31"]
[SourceVersion "1"]
[SourceVersionDate "2022.01.31"]
[SourceQuality "1"]

1. Nf3 Nf6 2. g3 d6 3. d4 Nbd7 4. Bg2 e5 5. c4 Be7 6. 0-0 0-0 7. Nc3 c6 8. e4 a6 9. a4 a5 10. h3 Qc7 11. Be3 Re8 12. Qc2 Nb8 13. Rad1 Na6 14. Rfe1 Bf8 15. b3 Nd7 16. Qc1 Nb4 17. Kh2 exd4 18. Nxd4 Nc5 19. Qb1 Bd7 20. f4 Rad8 21. Bf2 Bc8 22. Rd2 g6 23. Na2 Nba6 24. Rde2 Bg7 25. Nf3 Qb6 26. Nd2 Nb4 27. Nxb4 Qxb4 28. Qc2 Qc3 29. Qxc3 Bxc3 30. Rb1 Bxd2 31. Rxd2 Nxe4 32. Bxe4 Rxe4 33. Rbd1 d5 34. cxd5 cxd5 35. Rxd5 Rxd5 36. Rxd5 Re2 37. Kg2 Bxh3+ 38. Kxh3 Rxf2 39. Rxa5 Rd2 40. Ra7 b6 41. Ra6 h5 42. Rxb6 Kg7 43. a5 f6 44. a6 g5 45. fxg5 fxg5 46. b4 Ra2 47. b5 Kf7 48. g4 Ra3+ 49. Kg2 h4 50. Rb7+ Ke6 51. a7 Ke5 52. b6 Kf4 53. Rb8 Ra2+ 54. Kf1 Ra1+ 55. Ke2 Ra2+ 56. Kd3 Ra3+ 1-0

[Event "Wch Blitz (Women)"]
[Site "Warsaw"]
[Date "2021.12.29"]
[Round "1"]
[White "Michna, Marta"]
[Black "Paramzina, Anastasya"]
[Result "1-0"]
[WhiteElo "2314"]
[BlackElo "2260"]
[PlyCount "89"]
[EventDate "2021.12.29"]
[EventType "swiss (blitz)"]
[EventRounds "17"]
[EventCountry "POL"]
[SourceTitle "CBM 205 Extra"]
[Source "ChessBase"]
[SourceDate "2022.01.31"]
[SourceVersion "1"]
[SourceVersionDate "2022.01.31"]
[SourceQuality "1"]

1. Nf3 Nf6 2. d4 g6 3. c3 Bg7 4. Bf4 d6 5. h3 0-0 6. Nbd2 c5 7. dxc5 dxc5 8. e4 Nc6 9. Qc2 Nd7 10. Rd1 Qe8 11. a4 Nde5 12. Be3 b6 13. Bb5 a6 14. Be2 Bb7 15. Qb3 Nxf3+ 16. Nxf3 Ne5 17. Nxe5 Bxe5 18. Qxb6 Bxe4 19. 0-0 Bd6 20. Bxc5 Rb8 21. Qa5 Rxb2 22. Bxa6 Qa8 23. f3 Bxc5+ 24. Qxc5 Bc2 25. Bb5 Bxd1 26. Rxd1 Qb8 27. Qe3 Qg3 28. Bf1 Rfb8 29. Qe1 Qf4 30. Qxe7 Rc2 31. Rd8+ Rxd8 32. Qxd8+ Kg7 33. Qd4+ Qxd4+ 34. cxd4 Rd2 35. a5 Rxd4 36. a6 Rd2 37. Bb5 Ra2 38. Kh2 Kf6 39. Kg3 Ke5 40. h4 f5 41. f4+ Kd4 42. Kh3 h6 43. g3 Ke3 44. Bc4 h5 45. Bxa2 1-0

[Event "Wch Blitz (Women)"]
[Site "Warsaw"]
[Date "2021.12.29"]
[Round "6"]
[White "Socko, Monika"]
[Black "Michna, Marta"]
[Result "1/2-1/2"]
[WhiteElo "2393"]
[BlackElo "2314"]
[PlyCount "77"]
[EventDate "2021.12.29"]
[EventType "swiss (blitz)"]
[EventRounds "17"]
[EventCountry "POL"]
[SourceTitle "CBM 205 Extra"]
[Source "ChessBase"]
[SourceDate "2022.01.31"]
[SourceVersion "1"]
[SourceVersionDate "2022.01.31"]
[SourceQuality "1"]

1. d4 Nf6 2. c4 d6 3. Nc3 Nbd7 4. e4 e5 5. Nf3 g6 6. Be2 Bg7 7. 0-0 0-0 8. Be3 Qe7 9. d5 c5 10. dxc6 bxc6 11. Qd2 Ng4 12. Bg5 f6 13. Bh4 g5 14. Bg3 Nc5 15. Rad1 Rb8 16. b3 Rd8 17. Ne1 Nh6 18. h4 Ne6 19. Nc2 f5 20. hxg5 Qxg5 21. Qxg5 Nxg5 22. f3 Ne6 23. Rfe1 Kf7 24. Bd3 Nf4 25. Ne2 Nxd3 26. Rxd3 fxe4 27. fxe4 Bg4 28. Bh4 Rd7 29. Ng3 Ke6 30. Ne3 Rf8 31. Bg5 Nf7 32. Bh4 h5 33. Nef5 Bf6 34. Bxf6 Kxf6 35. Rf1 Ke6 36. Ng7+ Ke7 37. N3xh5 Rh8 38. Nf6 Rdd8 39. Nxg4 1/2-1/2

[Event "Wch Rapid (Women)"]
[Site "Warsaw"]
[Date "2021.12.28"]
[Round "9"]
[White "Michna, Marta"]
[Black "Muetsch, Annmarie"]
[Result "1-0"]
[WhiteElo "2314"]
[BlackElo "2279"]
[PlyCount "149"]
[EventDate "2021.12.26"]
[EventType "swiss (rapid)"]
[EventRounds "11"]
[EventCountry "POL"]
[SourceTitle "CBM 205 Extra"]
[Source "ChessBase"]
[SourceDate "2022.01.31"]
[SourceVersion "1"]
[SourceVersionDate "2022.01.31"]
[SourceQuality "1"]

1. Nf3 d6 2. g3 e5 3. d3 f5 4. c3 Nf6 5. Bg2 Be7 6. Qb3 Na6 7. d4 e4 8. Ng5 d5 9. f3 h6 10. Nh3 g5 11. 0-0 Rb8 12. Na3 Be6 13. fxe4 fxe4 14. Nc2 Qd7 15. Nf2 c5 16. Ne3 c4 17. Qc2 h5 18. Nxc4 dxc4 19. Bxg5 e3 20. Bxf6 exf2+ 21. Rxf2 Bxf6 22. Rxf6 Kd8 23. Raf1 Re8 24. Qg6 Kc7 25. Qxh5 Rbd8 26. e4 Kb8 27. Qe5+ Nc7 28. Qf4 Rh8 29. Rf2 Rh7 30. Bh1 Bh3 31. d5 Ka8 32. Rf8 Rxf8 33. Qxf8+ Ne8 34. e5 Qe7 35. e6 Kb8 36. Qxe7 Rxe7 37. Rf7 Rc7 38. Be4 Nd6 39. e7 Rc8 40. Rf8 Bd7 41. Bg6 Kc7 42. h4 Be8 43. h5 Kd7 44. Bxe8+ Rxe8 45. h6 Kxe7 46. Rf4 Rh8 47. Rh4 Nf5 48. Rxc4 Kd6 49. Rf4 Nxh6 50. c4 b6 51. Kg2 Rh7 52. b4 Nf7 53. Rf6+ Kd7 54. c5 bxc5 55. bxc5 Ne5 56. Ra6 Kc8 57. Re6 Nd3 58. c6 Kc7 59. Kf3 Rf7+ 60. Ke3 Nb4 61. Kd4 Rf5 62. Re5 Rf1 63. Re7+ Kc8 64. Kc5 Nd3+ 65. Kd6 Rf6+ 66. Re6 Rf8 67. Re7 Rf6+ 68. Re6 Rf8 69. c7 Kb7 70. Ke7 Rh8 71. d6 Nc5 72. Re5 Rh7+ 73. Kd8 Rh8+ 74. Re8 Ne6+ 75. Ke7 1-0

[Event "Wch Rapid (Women)"]
[Site "Warsaw"]
[Date "2021.12.27"]
[Round "5"]
[White "Michna, Marta"]
[Black "Kazarian, Anna Maja"]
[Result "1-0"]
[WhiteElo "2314"]
[BlackElo "2138"]
[PlyCount "81"]
[EventDate "2021.12.26"]
[EventType "swiss (rapid)"]
[EventRounds "11"]
[EventCountry "POL"]
[SourceTitle "CBM 205 Extra"]
[Source "ChessBase"]
[SourceDate "2022.01.31"]
[SourceVersion "1"]
[SourceVersionDate "2022.01.31"]
[SourceQuality "1"]

1. f4 Nf6 2. Nf3 d5 3. b3 c5 4. Bb2 e6 5. e3 Be7 6. g3 Nc6 7. Bg2 b5 8. 0-0 Bb7 9. Qe2 Qb6 10. a4 b4 11. d3 a5 12. Nbd2 0-0 13. Kh1 Rad8 14. Rae1 Ba6 15. e4 dxe4 16. Nxe4 Nd4 17. Bxd4 cxd4 18. Nxf6+ Bxf6 19. Nd2 Qc7 20. Nc4 Rfe8 21. f5 Bxc4 22. dxc4 Qd7 23. fxe6 Rxe6 24. Qd3 Qe7 25. Rxe6 fxe6 26. Qe4 Qd6 27. Bh3 Re8 28. Re1 e5 29. Bg2 g6 30. Rf1 Rf8 31. h4 Bg7 32. Rxf8+ Qxf8 33. Qd5+ Kh8 34. c5 Qf2 35. c6 Qe1+ 36. Kh2 Bf6 37. c7 Bxh4 38. c8Q+ Kg7 39. Qdd7+ Kh6 40. Qf8+ Kh5 41. Qxh7+ 1-0

[Event "Wch Rapid (Women)"]
[Site "Warsaw"]
[Date "2021.12.26"]
[Round "4"]
[White "Kubicka, Anna"]
[Black "Michna, Marta"]
[Result "0-1"]
[WhiteElo "2266"]
[BlackElo "2314"]
[PlyCount "90"]
[EventDate "2021.12.26"]
[EventType "swiss (rapid)"]
[EventRounds "11"]
[EventCountry "POL"]
[SourceTitle "CBM 205 Extra"]
[Source "ChessBase"]
[SourceDate "2022.01.31"]
[SourceVersion "1"]
[SourceVersionDate "2022.01.31"]
[SourceQuality "1"]

1. e4 e6 2. d4 d5 3. Nd2 Nf6 4. e5 Nfd7 5. f4 c5 6. c3 Nc6 7. Ngf3 cxd4 8. cxd4 Nb6 9. Be2 a5 10. a4 Bb4 11. 0-0 h5 12. Bb5 Bd7 13. Qe2 g6 14. Nb3 Na7 15. Bd2 Nxb5 16. axb5 Nc4 17. Bxb4 axb4 18. Nc5 Bxb5 19. Rfc1 b6 20. Nd3 Na5 21. Qd1 b3 22. f5 Bxd3 23. Qxd3 gxf5 24. Qb5+ Kf8 25. Qb4+ Kg7 26. Rab1 Rh6 27. Rc3 Rg6 28. h4 Rg4 29. Kh2 Rc8 30. Rg1 Rc4 31. Rxc4 Rxh4+ 32. Kg3 Rg4+ 33. Kf2 dxc4 34. Rd1 Qd5 35. Qxb6 Nc6 36. Rd2 h4 37. Re2 Ne7 38. Qc7 Ng6 39. Qc5 Nf4 40. Qxd5 exd5 41. e6 Rxg2+ 42. Ke3 Rxe2+ 43. Kxf4 fxe6 44. Nxh4 Re4+ 45. Kg5 Rxh4 0-1

[Event "Motiva Online Blitz (Women)"]
[Site "Chess.com INT"]
[Date "2021.12.18"]
[Round "4"]
[White "Mammadova, Gulnar Marfat Qizi"]
[Black "Michna, Marta"]
[Result "0-1"]
[WhiteElo "2387"]
[BlackElo "2314"]
[PlyCount "162"]
[EventDate "2021.12.18"]
[EventType "swiss (blitz)"]
[EventRounds "13"]
[EventCountry "USA"]
[SourceTitle "CBM 205 Extra"]
[Source "ChessBase"]
[SourceDate "2022.01.31"]
[SourceVersion "1"]
[SourceVersionDate "2022.01.31"]
[SourceQuality "1"]

1. e4 e6 2. Qe2 d6 3. d4 g6 4. g3 Bg7 5. c3 Ne7 6. Bg2 Nd7 7. Nf3 h6 8. 0-0 b6 9. Rd1 Bb7 10. Na3 a6 11. Nc2 b5 12. b3 Nb6 13. Bb2 g5 14. h3 Ng6 15. c4 bxc4 16. bxc4 Na4 17. Rab1 Nxb2 18. Rxb2 Bc6 19. Rbb1 0-0 20. d5 exd5 21. exd5 Re8 22. Qd2 Ba4 23. Rb4 Qd7 24. Rc1 Re7 25. Ncd4 Rae8 26. Rbb1 Qc8 27. Qd3 Bd7 28. Re1 Rxe1+ 29. Rxe1 Rxe1+ 30. Nxe1 Bxd4 31. Qxd4 Bxh3 32. Nd3 Bxg2 33. Kxg2 Qf5 34. c5 Ne7 35. cxd6 cxd6 36. Nb4 a5 37. Nc6 Qxd5+ 38. Qxd5 Nxd5 39. Nxa5 Nb4 40. a3 Nc2 41. a4 d5 42. Nb3 f5 43. Kf3 Nb4 44. Ke3 Kf7 45. Kd4 Ke6 46. Nc5+ Kd6 47. Nb7+ Kc6 48. Nd8+ Kd6 49. Nf7+ Ke6 50. Nd8+ Kd6 51. a5 Nc6+ 52. Nxc6 Kxc6 53. a6 h5 54. a7 Kb7 55. Kxd5 h4 56. gxh4 gxh4 57. Ke5 h3 58. Kxf5 h2 59. f4 h1Q 60. Kg6 Qf3 61. f5 Qg4+ 62. Kf6 Kxa7 63. Ke6 Kb7 64. Ke5 Kc7 65. f6 Kd7 66. f7 Ke7 67. f8Q+ Kxf8 68. Kf6 Qf4+ 69. Ke6 Qg5 70. Kd6 Kg7 71. Kd7 Kh6 72. Ke8 Kh5 73. Kf7 Kg4 74. Ke6 Qf5+ 75. Kd6 Kf4 76. Ke7 Qg6 77. Kf8 Ke5 78. Ke7 Qe6+ 79. Kf8 Qd7 80. Kg8 Kf6 81. Kh8 Qg7# 0-1

[Event "Motiva Online Blitz (Women)"]
[Site "Chess.com INT"]
[Date "2021.12.18"]
[Round "13"]
[White "Potapova, Margarita"]
[Black "Michna, Marta"]
[Result "1-0"]
[WhiteElo "2257"]
[BlackElo "2314"]
[PlyCount "59"]
[EventDate "2021.12.18"]
[EventType "swiss (blitz)"]
[EventRounds "13"]
[EventCountry "USA"]
[SourceTitle "CBM 205 Extra"]
[Source "ChessBase"]
[SourceDate "2022.01.31"]
[SourceVersion "1"]
[SourceVersionDate "2022.01.31"]
[SourceQuality "1"]

1. d4 Nf6 2. c4 d6 3. Nf3 Nbd7 4. Nc3 e5 5. e4 Be7 6. Be2 0-0 7. 0-0 c6 8. Be3 a6 9. a4 a5 10. Re1 Qc7 11. Rc1 Nb8 12. h3 Na6 13. Nb5 cxb5 14. cxb5 Qb8 15. bxa6 bxa6 16. dxe5 dxe5 17. Qc2 Bb7 18. Bd3 Rc8 19. Qb1 Bc6 20. b3 Qb7 21. Bd2 Nd7 22. Bxa5 h6 23. Bc4 Bc5 24. Bc3 Re8 25. Qb2 Nb6 26. Bd3 f6 27. Bd2 Nd7 28. b4 Kh7 29. Qc2 Rad8 30. bxc5 1-0

[Event "POL-chT 1st League"]
[Site "Szklarska Poreba"]
[Date "2021.09.10"]
[Round "7.6"]
[White "Michna, Marta"]
[Black "Kroliczek, Gabriela"]
[Result "1-0"]
[WhiteElo "2323"]
[BlackElo "1889"]
[PlyCount "45"]
[EventDate "2021.09.04"]
[EventType "team-swiss"]
[EventRounds "9"]
[EventCountry "POL"]
[SourceTitle "CBM 204 Extra"]
[Source "ChessBase"]
[SourceDate "2021.11.30"]
[SourceVersion "1"]
[SourceVersionDate "2021.11.30"]
[SourceQuality "1"]
[WhiteTeam "Stara Wies Parnas"]
[BlackTeam "Rybnik"]
[WhiteTeamCountry "POL"]
[BlackTeamCountry "POL"]

1. e4 e6 2. b3 d5 3. Bb2 Nf6 4. e5 Nfd7 5. f4 c5 6. Nf3 Nc6 7. g3 Be7 8. Bg2 b5 9. 0-0 Qb6 10. Kh1 0-0 11. d3 a5 12. Qe2 Rb8 13. Nbd2 c4 14. g4 Ba6 15. f5 Rfe8 16. f6 gxf6 17. exf6 Bd6 18. Ng5 Nde5 19. Ndf3 Ng6 20. Nxf7 Bf4 21. N7e5 Ncxe5 22. Nxe5 Bxe5 23. f7+ 1-0

[Event "POL-chT 1st League"]
[Site "Szklarska Poreba"]
[Date "2021.09.06"]
[Round "3.5"]
[White "Rudzinska, Michalina"]
[Black "Michna, Marta"]
[Result "1/2-1/2"]
[WhiteElo "2222"]
[BlackElo "2323"]
[PlyCount "70"]
[EventDate "2021.09.04"]
[EventType "team-swiss"]
[EventRounds "9"]
[EventCountry "POL"]
[SourceTitle "CBM 204 Extra"]
[Source "ChessBase"]
[SourceDate "2021.11.30"]
[SourceVersion "1"]
[SourceVersionDate "2021.11.30"]
[SourceQuality "1"]
[WhiteTeam "Strzelce Opolskie Strzelec"]
[BlackTeam "Stara Wies Parnas"]
[WhiteTeamCountry "POL"]
[BlackTeamCountry "POL"]

1. e4 d6 2. d4 Nf6 3. Nc3 e5 4. Nf3 Nbd7 5. Bc4 Be7 6. 0-0 0-0 7. h3 c6 8. a4 b6 9. Re1 Bb7 10. d5 cxd5 11. Nxd5 Rc8 12. Nxe7+ Qxe7 13. Bd3 Nc5 14. Bg5 h6 15. Bxf6 Qxf6 16. Nh2 Qe6 17. Ra3 Rfd8 18. Ng4 d5 19. exd5 Rxd5 20. b4 Nxd3 21. Rxd3 Rxd3 22. cxd3 Qc6 23. f3 Qc3 24. Rxe5 Qd4+ 25. Kh2 h5 26. Rxh5 Qf4+ 27. g3 Rc2+ 28. Qxc2 Qxf3 29. Nf6+ gxf6 30. g4 Qh1+ 31. Kg3 Qg1+ 32. Kf4 Qd4+ 33. Kg3 Qg1+ 34. Kf4 Qd4+ 35. Kg3 Qf4+ 1/2-1/2

[Event "GER-ch Blitz (Women)"]
[Site "Magdeburg"]
[Date "2021.08.01"]
[Round "2"]
[White "Michna, Marta"]
[Black "Hofmann, Karina"]
[Result "1-0"]
[WhiteElo "2341"]
[BlackElo "1704"]
[PlyCount "95"]
[EventDate "2021.08.01"]
[EventType "tourn (blitz)"]
[EventRounds "21"]
[EventCountry "GER"]
[SourceTitle "CBM 203 Extra"]
[Source "ChessBase"]
[SourceDate "2021.09.30"]
[SourceVersion "1"]
[SourceVersionDate "2021.09.30"]
[SourceQuality "1"]

1. Nf3 b6 2. g3 Bb7 3. Bg2 g6 4. d3 Bg7 5. c3 d6 6. e4 e6 7. a4 Ne7 8. a5 0-0 9. 0-0 c5 10. Nbd2 Nbc6 11. axb6 axb6 12. Rxa8 Qxa8 13. Qb3 Ba6 14. Nc4 Bxc4 15. Qxc4 Rb8 16. Bf4 Na5 17. Qb5 e5 18. Bg5 f6 19. Be3 Qc6 20. Qxc6 Nexc6 21. Nd2 b5 22. Bh3 Kf7 23. Bd7 Rd8 24. Bxc6 Nxc6 25. Ra1 Rd7 26. Ra6 Nb8 27. Rb6 Rd8 28. Rxb5 Nc6 29. Rb6 Ne7 30. Nc4 Nc8 31. Rb7+ Kg8 32. Kg2 h5 33. h4 Kh7 34. Na5 Re8 35. Rd7 Re7 36. Rd8 Nb6 37. Rxd6 Ra7 38. Rxb6 Rxa5 39. Rb7 Kg8 40. Rb6 Ra1 41. Bxc5 Rd1 42. d4 exd4 43. Bxd4 Rd2 44. Kf3 Kf7 45. Rb7+ Kf8 46. b4 g5 47. hxg5 Rd3+ 48. Ke2 1-0

[Event "GER-ch Blitz (Women)"]
[Site "Magdeburg"]
[Date "2021.08.01"]
[Round "18"]
[White "Noll, Sonja"]
[Black "Michna, Marta"]
[Result "0-1"]
[WhiteElo "1733"]
[BlackElo "2341"]
[PlyCount "44"]
[EventDate "2021.08.01"]
[EventType "tourn (blitz)"]
[EventRounds "21"]
[EventCountry "GER"]
[SourceTitle "CBM 203 Extra"]
[Source "ChessBase"]
[SourceDate "2021.09.30"]
[SourceVersion "1"]
[SourceVersionDate "2021.09.30"]
[SourceQuality "1"]

1. e4 e6 2. Nf3 d6 3. Bc4 g6 4. c3 Bg7 5. d4 Ne7 6. 0-0 a6 7. a4 b6 8. Be3 Bb7 9. Nbd2 Nd7 10. b4 0-0 11. Rc1 Nf6 12. e5 Nfd5 13. exd6 cxd6 14. Qe2 Nf5 15. Bd3 Rc8 16. Bxa6 Bxa6 17. Qxa6 Ndxe3 18. fxe3 Nxe3 19. Rfe1 Nd5 20. Ne4 Bh6 21. Rc2 Nxb4 22. Qd3 Nxd3 0-1

[Event "GER-ch Blitz (Women)"]
[Site "Magdeburg"]
[Date "2021.08.01"]
[Round "3"]
[White "Voicu Jagodzinsky, Carmen"]
[Black "Michna, Marta"]
[Result "0-1"]
[WhiteElo "2247"]
[BlackElo "2341"]
[PlyCount "124"]
[EventDate "2021.08.01"]
[EventType "tourn (blitz)"]
[EventRounds "21"]
[EventCountry "GER"]
[SourceTitle "CBM 203 Extra"]
[Source "ChessBase"]
[SourceDate "2021.09.30"]
[SourceVersion "1"]
[SourceVersionDate "2021.09.30"]
[SourceQuality "1"]

1. e4 e6 2. d4 d5 3. Nc3 Bb4 4. exd5 exd5 5. Bd3 Nf6 6. Nge2 0-0 7. 0-0 c6 8. h3 Re8 9. Ng3 Nbd7 10. Qf3 Nf8 11. Bg5 Be7 12. Rae1 Ne6 13. Be3 g6 14. Nce2 h5 15. Nf4 Nxf4 16. Bxf4 h4 17. Ne2 Nh7 18. Bh6 Bf6 19. c3 Bd7 20. Nf4 Bg5 21. Bxg5 Nxg5 22. Qd1 Qf6 23. Qd2 Kg7 24. b4 a6 25. a4 Bf5 26. Re3 Ne4 27. Bxe4 Rxe4 28. Nd3 Rxe3 29. fxe3 Qg5 30. Ne5 f6 31. Nf3 Qh6 32. Qf2 Be4 33. Nxh4 f5 34. Nf3 Bxf3 35. Qxf3 Re8 36. Re1 Re4 37. Kf2 Qh4+ 38. Kf1 f4 39. Qg4 Qe7 40. Qc8 Rxe3 41. Rxe3 fxe3 42. Ke2 Qe4 43. Qxb7+ Kh6 44. Qxc6 Qf4 45. Qxd5 Qf2+ 46. Kd3 Qd2+ 47. Kc4 Qa2+ 48. Kc5 Qxd5+ 49. Kxd5 e2 50. c4 e1Q 51. b5 axb5 52. axb5 Qe7 53. c5 Qb7+ 54. Kc4 Kg7 55. b6 Qc6 56. d5 Qa4+ 57. Kc3 Kf6 58. b7 Qa5+ 59. Kd4 Qb4+ 60. Kd3 Qxb7 61. Kd4 Qb4+ 62. Kd3 Qxc5 0-1

[Event "GER-ch Blitz (Women)"]
[Site "Magdeburg"]
[Date "2021.08.01"]
[Round "13"]
[White "Zimmer, Elke"]
[Black "Michna, Marta"]
[Result "0-1"]
[WhiteElo "1910"]
[BlackElo "2341"]
[PlyCount "62"]
[EventDate "2021.08.01"]
[EventType "tourn (blitz)"]
[EventRounds "21"]
[EventCountry "GER"]
[SourceTitle "CBM 203 Extra"]
[Source "ChessBase"]
[SourceDate "2021.09.30"]
[SourceVersion "1"]
[SourceVersionDate "2021.09.30"]
[SourceQuality "1"]

1. e4 e6 2. d4 d6 3. Nf3 g6 4. c3 Bg7 5. Bc4 Ne7 6. 0-0 a6 7. Be3 Nd7 8. Qc1 h6 9. Na3 b5 10. Bd3 Nb6 11. b3 Bb7 12. Nc2 g5 13. Rd1 Ng6 14. c4 0-0 15. Rb1 Qd7 16. d5 Qe7 17. Bd4 Bxd4 18. Ncxd4 bxc4 19. bxc4 Rab8 20. g3 Nd7 21. Bf1 Qf6 22. Bg2 Nc5 23. Ne2 a5 24. Ne1 Ba6 25. Rxb8 Rxb8 26. Nd3 Nxd3 27. Rxd3 Ne5 28. Rb3 Rf8 29. Rc3 a4 30. Bf1 Rb8 31. f4 Ng6 0-1

[Event "German Masters (Women)"]
[Site "Magdeburg"]
[Date "2021.07.28"]
[Round "6"]
[White "Michna, Marta"]
[Black "Lubbe, Melanie"]
[Result "1/2-1/2"]
[WhiteElo "2341"]
[BlackElo "2281"]
[PlyCount "118"]
[EventDate "2021.07.23"]
[EventType "tourn"]
[EventRounds "9"]
[EventCountry "GER"]
[EventCategory "2"]
[SourceTitle "CBM 203 Extra"]
[Source "ChessBase"]
[SourceDate "2021.09.30"]
[SourceVersion "1"]
[SourceVersionDate "2021.09.30"]
[SourceQuality "1"]

1. f4 c5 2. b3 Nc6 3. Bb2 d6 4. e3 e5 5. fxe5 dxe5 6. Bb5 Bd7 7. Nc3 a6 8. Bxc6 Bxc6 9. Nf3 Bd6 10. e4 Nf6 11. Qe2 b5 12. d3 0-0 13. Nd1 Re8 14. Ne3 Bd7 15. 0-0 Ng4 16. c4 Nxe3 17. Qxe3 f6 18. Nd2 Bf8 19. Rf3 Bc6 20. Raf1 Ra7 21. g4 Rd7 22. h4 Re6 23. Rg3 Red6 24. Rff3 bxc4 25. bxc4 Ba4 26. g5 Bd1 27. gxf6 Bxf3 28. Nxf3 Rxd3 29. Qg5 Rd1+ 30. Kh2 Qb8 31. Rg2 Rf7 32. Bxe5 Qb1 33. Qg4 Rh1+ 34. Kg3 Qd3 35. Qe6 Rf1 36. Rf2 gxf6 37. Bxf6 Qd6+ 38. Qxd6 Bxd6+ 39. e5 Rxf2 40. Kxf2 Bf8 41. Ke3 Bg7 42. Bg5 h6 43. Bd8 Rb7 44. Ke4 Kf7 45. Ne1 Rd7 46. Bb6 Rd4+ 47. Kf5 Rxh4 48. Nd3 Rxc4 49. Nxc5 Rc2 50. e6+ Ke8 51. Nxa6 Rc6 52. Nc7+ Ke7 53. Nd5+ Kd6 54. e7 Kd7 55. Bd8 Rc5 56. Ke4 Rc4+ 57. Kf3 Rc5 58. Nc7 Rxc7 59. Bxc7 Kxe7 1/2-1/2

[Event "German Masters (Women)"]
[Site "Magdeburg"]
[Date "2020.08.20"]
[Round "5"]
[White "Paehtz, Elisabeth"]
[Black "Michna, Marta"]
[Result "1-0"]
[WhiteElo "2473"]
[BlackElo "2350"]
[PlyCount "63"]
[EventDate "2020.08.16"]
[EventType "tourn"]
[EventRounds "7"]
[EventCountry "GER"]
[EventCategory "3"]
[SourceTitle "CBM 197 Extra"]
[Source "ChessBase"]
[SourceDate "2020.09.30"]
[SourceVersion "1"]
[SourceVersionDate "2020.09.30"]
[SourceQuality "1"]

1. e4 e6 2. d4 d5 3. Nc3 Nf6 4. e5 Nfd7 5. Nf3 c5 6. dxc5 Nc6 7. Bf4 Bxc5 8. Bd3 a6 9. a3 b5 10. Qd2 b4 11. axb4 Bxb4 12. 0-0 Nc5 13. Bb5 Bd7 14. Bxc6 Bxc6 15. Qd4 a5 16. Na2 Na6 17. Nxb4 axb4 18. Bd2 Qb8 19. Qg4 Rg8 20. Nd4 Kd7 21. Qh5 Rf8 22. Rfe1 h6 23. Qg4 Rg8 24. Qf4 Rf8 25. Nb3 Kc8 26. Qg4 Rg8 27. Ra5 Qb7 28. Bxh6 Nc7 29. Rxa8+ Qxa8 30. Bd2 Qa2 31. Qxb4 Qxb2 32. Qc5 1-0